Answer these random Hunger Games questions! - Statistics

General Stats
  • This quiz has been taken 1,020 times
    764 since last reset
  • The average score is 11 of 15
Answer Stats
Hint Answer % Correct
Which district was 'destroyed' during the dark days? 13
99%
Who is the district 12 mentor? Haymitch
97%
Who killed Prim? Gale
84%
What is the name of the district 13 President? Coin
81%
In Catching Fire, other than the three district 12 victors, who else was in the elevator? Johanna
81%
What is the name of the 10th Hunger Games victor? Lucy Gray
79%
What does Katniss's dress turn into after twirling for the audience? Mockingjay
79%
Which two characters where known as 'Nuts and Volts'? Wiress and Beetee
74%
In the books, who was the one that gave Katniss her pin? Madge
70%
Who killed Rue? Marvel
65%
What animal was used to create Effie's 75th Hunger Games reaping dress? Butterfly
59%
Which character was killed after Katniss said 'Nightlock Nightlock Nightlock'? Finnick
58%
In TBOSAS, who is President Snow's 'best friend'? Sejanus
55%
What is the name of the capitol made distractions/weapons used in the Hunger Games? Mutts
50%
What did the capitol do to Peeta after the 75th Hunger Games? Hijacked / Tortured
24%
No matching quizzes found
Score Distribution
Percent of People with Each Score
Percentile by Number Answered
Your Score History
You have not taken this quiz since the last reset